| 000 | 00592nam a2200181Ia 4500 | ||
|---|---|---|---|
| 008 | 131103s9999 xx 000 0 und d | ||
| 040 | _aLoreto College | ||
| 041 | _aEnglish | ||
| 082 |
_a891.43109/SIN _bLCLIB/HinSemLib533,534/45342,45343 |
||
| 100 | _aSingh,Yogendra Pratap | ||
| 245 |
_aKabeer - Soor-Tulsi _cYogendra Pratap Singh |
||
| 260 |
_aAllahabad _bLok Bharti _c2002 |
||
| 300 |
_a200 cm. _c 22 cm. |
||
| 630 | _aKabir - Surdas - Tulsidas - Criticism & Interpretation | ||
| 650 | _aKabir,Surdas,Tulsidas | ||
| 651 | _aPoetry,Hindi - Criticism and Interpretation | ||
| 942 | _cBK | ||
| 999 |
_c18068 _d68547 |
||